States by Musical - Statistics

General Stats
  • This quiz has been taken 10 times
  • The average score is 10 of 14
Answer Stats
Musical Answer % Correct
Chicago Illinois
100%
The Wizard of Oz Kansas
100%
Meet me in St Louis Missouri
100%
Oklahoma! Oklahoma
100%
Motown Michigan
90%
Music Man Iowa
70%
In the Hights New York
70%
Hairspray Maryland
60%
Legally Blonde Massachusetts
60%
The Prom Indiana
50%
Be More Chill New Jersey
50%
Different Times Oregon
50%
Tina Tennessee
50%
Allegiance Wyoming
40%
No matching quizzes found
Score Distribution
Percent of People with Each Score
Percentile by Number Answered
Your Score History
You have not taken this quiz